000 01361cam a2200133 4500500
005 20251214003854.0
041 _afre
042 _adc
100 1 0 _aDevin, Guillaume
_eauthor
245 0 0 _aLes organisations internationales : Entre intégration et différenciation
260 _bArmand Colin,
_c2022.
520 _aDepuis deux siècles, les organisations internationales incarnent les espoirs et les déceptions de la coopération internationale. L’augmentation de leur nombre et l’extension de leurs compétences sont spectaculaires. Le phénomène est devenu un fait politique et social majeur des relations internationales contemporaines. Tantôt il témoigne du rapprochement des acteurs internationaux, tantôt il révèle toutes les différences qui les séparent. L’un ne va pas sans l’autre. C’est le paradoxe des organisations internationales  : contribuer au bien commun tout en servant les intérêts particuliers. Ce livre, sans équivalent en langue française, fait le choix d’une approche globale. Au-delà des trajectoires singulières des organisations internationales, il en saisit le mouvement général et propose une nouvelle manière de lire la transformation des relations internationales.
856 4 1 _uhttps://shs.cairn.info/les-organisations-internationales--9782200633363?lang=fr&redirect-ssocas=7080
999 _c1568021
_d1568021